| 000 | 00784cam a2200253 a 4500 | ||
|---|---|---|---|
| 020 | _a0709948107 : | ||
| 040 | _cDLC | ||
| 082 | 0 | 0 | _a362 PRE 1987 A084 Or. |
| 245 | 0 | 0 |
_aChild health & survival : _bthe UNICEF GOBI-FFF program / |
| 260 |
_aLondon ; _aWolfeboro, N.H. : _bCroom Helm, _cc1987. |
||
| 300 |
_ax, 253 p. : _bill. ; _c22 cm. |
||
| 500 | _aConsists of papers presented at a conference held in May 1985 in New England. | ||
| 650 | 0 | _aGOBI-FFF (Program) | |
| 650 | 0 | _aChild health services | |
| 650 | 0 | _aMaternal health services | |
| 650 | 2 | _aChild Health Services | |
| 650 | 2 | _aChild Welfare | |
| 650 | 2 | _aMaternal Health Services | |
| 700 | 1 | _aCash, Richard A. | |
| 700 | 1 | _aKeusch, Gerald. | |
| 700 | 1 | _aLamstein, Joel. | |
| 710 | 2 | _aUNICEF. | |
| 942 | _cAEDBB | ||
| 999 |
_c21186 _d21186 |
||